000 01178nam0a22003131 4500
001 rc\3407108
005 20130115140121.0
021 _aRU
_b[69-53802]
035 _a(NLR Aleph) 007576130
090 _a5458033
_c5458033
100 _a20130115d1969 |||y0rusy50 ca
101 0 _arus
102 _aRU
105 _aa z |||||
200 1 _aПрактическая кардиология детского возраста
210 _aКиев
_cЗдоров'я
_d1969
215 _a220 с.
_cил.
_d21
225 1 _aБиблиотека практического врача
300 _aПеред загл. авт.: И.М. Руднев, П.С. Мощич, В.М. Сидельников
320 _aБиблиогр.: с. 216-218
606 _aСердечно-сосудистые болезни у детей
_2psbo
700 1 _aРуднев
_bИ. М.
_f1910-1970
_gИван Михайлович
701 1 _aМощич
_bП. С.
_gПетр Степанович
701 1 _aСидельников
_bВ. М.
_gВиктор Михайлович
801 0 _aRU
_bNLR
_gpsbo
801 1 _aRU
_bELAR
_2rusmarc
852 _aNLR
_j69-3/5026
942 _cBOOK
980 _aNB